| 000 | 00353nam a22001337a 4500 | ||
|---|---|---|---|
| 999 |
_c55014 _d55014 |
||
| 008 | 200204b ||||| |||| 00| 0 eng d | ||
| 041 | _aeng | ||
| 080 |
_2043.3 _a043.3 |
||
| 082 | _a043.3 | ||
| 100 | _a0 | ||
| 101 | _aBTH | ||
| 245 |
_aInterneti dhe Gazetat (Me theks të veçantë "Bota sot", "Zëri" dhe "Koha ditore") _cKabashi,A |
||
| 942 |
_2udc _cBK |
||